[Event "7th Gashimov Memorial-Blitz 2021"]
[Site "Baku"]
[Date "2021.12.22"]
[Round "3"]
[White "Caruana, Fabiano"]
[Black "Rapport, Richard"]
[Result "1/2-1/2"]
[WhiteElo "2792"]
[BlackElo "2763"]
[Annotator "TA"]
[PlyCount "103"]
[EventDate "2021.12.17"]
[EventType "tourn"]
[EventCountry "AZE"]
[SourceTitle "playchess.com"]
[Source "ChessBase"]
[SourceQuality "1"]

{[%evp 10,103,37,33,43,23,39,25,24,20,39,11,28,25,34,-27,-4,-56,-18,-25,-18,
-16,-31,-39,-25,-20,-3,0,0,0,0,0,208,219,211,204,219,196,272,268,287,273,348,
342,362,345,344,257,250,261,264,260,251,225,226,218,177,0,0,-47,266,272,264,
276,264,-434,0,-41,-41,-418,-187,-121,-97,-847,-840,-29972,-29973,-29985,-606,
-584,0,-29956,4,4,4,4,4,4,4,4,4,4,4,0,0,0]} 1. d4 e6 2. Nf3 f5 3. g3 Nf6 4. Bg2
Be7 5. O-O d5 6. c4 Ne4 $1 {[%mdl 4] now scores much better than the old 6...
0-0. A92: Classical Dutch: Classical Stonewall (with ...Be7): Early deviations.
} 7. Nc3 c6 8. Qc2 Nd7 {White has an edge.} 9. Rb1 a5 10. a3 O-O 11. Bf4 g5 {
[#]} 12. Bd2 $146 (12. Be3 $14) ({Predecessor:} 12. Be3 Nd6 13. b3 dxc4 14. Ne5
cxb3 15. Qxb3 f4 16. gxf4 gxf4 17. Qxe6+ Kh8 18. Nxd7 {0-1 (88) Gasanov,E 
(2500)-Sedlak,N (2605) Prague 2019}) 12... Bf6 (12... g4 $5 {[%cal Rg4f3]} 13.
Ne5 (13. Nxe4 gxf3 14. exf3 fxe4 $17) 13... Nxd2 14. Qxd2 Nxe5 15. dxe5 Bg5 $11
) 13. e3 (13. Be3 $11) 13... Rf7 (13... g4 $5 {[%cal Rg4f3]} 14. Ne1 (14. Nxe4
dxe4 15. Ne1 c5 $15) 14... Nxd2 15. Qxd2 dxc4 $15) 14. Rfc1 h5 15. cxd5 exd5
16. b4 Nb6 {With the idea ...Nc4.} 17. Bf1 $1 axb4 18. axb4 {[%cal Ba3b4,Bb4b5,
Bb5c6][%mdl 32]} h4 19. b5 hxg3 20. hxg3 Rh7 $2 (20... Nd6 $11 {and Black is
okay.}) 21. bxc6 $1 $18 Nxd2 22. Nxd2 {[%cal Ob1b6] Threatens to win with Rxb6!
} bxc6 23. Bd3 Rf7 (23... Raa7 $142 24. Ne2 (24. Bxf5 Rh6 $16) 24... Rh6 25.
Qxc6 (25. Bxf5 Rf7 $16) 25... Rah7) 24. Ne2 (24. Bxf5 $6 Bxf5 25. Qxf5 Bxd4 26.
Qg6+ Bg7 $16) 24... f4 25. exf4 (25. Qxc6 $6 fxe3 26. fxe3 (26. Rxb6 exd2 27.
Rd1 Bg4 $11) 26... Ba6 $18) (25. gxf4 gxf4 26. Nxf4 Bg5 $16) 25... Bg4 26. Qxc6
Rb8 27. Kg2 Bd7 28. Qc5 gxf4 29. Nxf4 Bg5 30. Rh1 (30. Rxb6 Rxb6 31. Nf3 (31.
Qxd5 $2 Bxf4 32. Bh7+ Kg7 $19) 31... Bxf4 32. gxf4 Rc6 $17) 30... Bxf4 31. gxf4
{The board is on fire.} Rg7+ 32. Kf1 Rc8 33. Qb4 ({Avoid the trap} 33. Rxb6 $2
Rxc5 34. dxc5 Qc7 $19) (33. Qxb6 Qxb6 34. Rxb6 (34. Bh7+ $2 Rxh7 35. Rxb6 Rxh1+
$19) 34... Rc1+ 35. Ke2 Rxh1 36. Rb8+ Kf7 $11) (33. Qa5 $1 $18 Qf6 34. Rxb6 (
34. Qxb6 Qxb6 35. Rxb6 Rc1+ 36. Ke2 Rxh1 $11) 34... Qxd4 35. Bg6) 33... Qf6 $1
$11 {[%cal Of6f4]} 34. Ke1 {[#]} (34. Re1 $11) 34... Nc4 $2 {[%mdl 8192]} (
34... Bg4 $1 $15 {keeps the upper hand.} 35. Nf1 Nc4) 35. Nxc4 $18 dxc4 36.
Bxc4+ Be6 {[#]} 37. Be2 {[%mdl 8192]} (37. Qd6 $1 $18 {is the narrow road to
win.} Re7 38. Be2) 37... Bd5 ({Better is} 37... Qxf4 $19 {Strongly threatening
...Bd5.} 38. Rd1 Bd5) 38. f3 (38. Rh3 $11 {was preferrable.}) 38... Qxf4 $15
39. Qd2 $2 {[%mdl 8192]} (39. Qb5 $1 $15 Qg3+ 40. Kd1) 39... Qg3+ $19 40. Kd1
Bxf3 {( -> ...Re7)} 41. Qa2+ $2 {[%mdl 8192]} (41. Rf1 $17 Bd5 42. Qd3) 41...
Rf7 42. Re1 Bg4 43. Qd2 Bxe2+ (43... Rf4 $142 44. Rb2 Bxe2+ 45. Qxe2 Rxd4+ 46.
Qd2 Rxd2+ 47. Rxd2 Qb3+ 48. Ke2 Re8+ 49. Kf2 Qf7+ 50. Kg3 Rxe1 51. Rg2 Rf1 52.
Kh3+ Kh7 53. Rd2 Qf3+ 54. Kh4 Rh1+ 55. Rh2 Qf4+ 56. Kh5 Rxh2#) 44. Qxe2 {[#]}
Rd8 $2 ({Worse is} 44... Rc3 45. Qe8+ Rf8 46. Qe6+ Rf7 47. Qe8+ Rf8 48. Qe6+
Rf7 49. Qe8+ $11) ({Black should try} 44... Re7 $1 $19 {[%cal Re7e2][%mdl 512]}
45. Qa2+ Rf7) 45. Qe4 {[%mdl 8192] [#]} (45. Rb4 $11) 45... Qf3+ $2 ({Stronger
than} 45... Rf4 46. Qe6+ Rf7 47. Kc2 $11) (45... Re7 $1 {[%mdl 512] mates} 46.
Re3 Qxe3 47. Qxe3 Rxe3 48. Rb4 Re4 49. Rb7 Rdxd4+ 50. Kc1 Re2 51. Rb6 Rh4 52.
Rg6+ Kf7 53. Rg1 Rhh2 54. Kb1 Rhg2 55. Rh1 Rb2+ 56. Ka1 Ra2+ 57. Kb1 Rgb2+ 58.
Kc1 Rc2+ 59. Kb1 Rcb2+ 60. Kc1 Rh2 61. Kb1 Ke6 62. Rg1 Rab2+ 63. Ka1 Rbd2 64.
Kb1 Rdg2 65. Rd1 Rd2 66. Rg1 Kd5 67. Kc1 Rdg2 68. Rf1 Kc4 69. Kb1 Rh3 70. Ka1
Kb3 71. Kb1 Rc3 72. Re1 Ka3 73. Rh1 Rb2+ 74. Ka1 Rcb3 75. Rh8 Rb1#) 46. Qxf3
$11 {The position is equal.} Rxf3 {[%mdl 4096] Endgame KRR-KRR} 47. Ke2 Rf4 48.
Rg1+ Kf7 49. Rbf1 Rdxd4 50. Rxf4+ Rxf4 51. Rf1 Rxf1 52. Kxf1 {Whites escaped
into a draw.  Weighted Error Value: White=0.84/Black=0.87} 1/2-1/2

[Event "7th Gashimov Memorial-Blitz 2021"]
[Site "Baku"]
[Date "2021.12.22"]
[Round "3"]
[White "Anand, Viswanathan"]
[Black "Navara, David"]
[Result "1/2-1/2"]
[WhiteElo "2751"]
[BlackElo "2697"]
[Annotator "TA"]
[PlyCount "59"]
[EventDate "2021.12.17"]
[EventType "tourn"]
[EventCountry "AZE"]
[SourceTitle "playchess.com"]
[Source "ChessBase"]
[SourceQuality "1"]

{[%evp 11,59,0,15,0,44,6,8,0,0,0,0,3,4,0,0,0,0,0,0,0,23,13,20,21,9,21,22,9,0,
14,12,0,6,10,7,7,27,0,0,0,0,0,0,0,0,0,0,0,0,0]} 1. e4 c5 2. Nf3 d6 3. Bb5+ Nd7
4. O-O a6 5. Bxd7+ Bxd7 6. Re1 Nf6 7. c4 {[#] B51: Sicilian: Moscow Variation 
(3 Bb5+) without 3...Bd7.} b5 $146 (7... g6 $11) ({Predecessor:} 7... g6 8. d4
cxd4 9. Nxd4 Bg7 10. b3 O-O 11. Bb2 b5 12. cxb5 axb5 13. h3 Qb6 14. Nd2 Rfc8 {
0-1 (32) Paehtz,T (2356)-Perez Ponsa,F (2553) Caleta 2018}) 8. d3 g6 9. Nc3 Bg7
10. e5 dxe5 11. Nxe5 O-O 12. h3 Qc7 13. Bf4 {[%cal Oe5g6] [#] Hoping for Nxg6!}
Qb7 14. Qe2 Rfd8 15. b3 b4 16. Ne4 Nxe4 17. dxe4 Bc6 18. Rad1 a5 19. Nxc6 Qxc6
20. e5 a4 21. Rd3 Rd7 22. Rxd7 Qxd7 23. Rd1 Qc6 24. Qd3 h6 {The position is
equal.} 25. h4 axb3 26. axb3 e6 27. Qe3 Qc7 28. Rd6 Bf8 29. Rd3 Rd8 30. Rxd8 {
An interesting draw.  Weighted Error Value: White=0.05 (flawless) /Black=0.05 
(flawless)} 1/2-1/2

[Event "7th Gashimov Memorial-Blitz 2021"]
[Site "Baku"]
[Date "2021.12.22"]
[Round "3"]
[White "Karjakin, Sergey"]
[Black "Mamedyarov, Shakhriyar"]
[Result "0-1"]
[WhiteElo "2743"]
[BlackElo "2767"]
[Annotator "TA"]
[PlyCount "92"]
[EventDate "2021.12.17"]
[EventType "tourn"]
[EventCountry "AZE"]
[SourceTitle "playchess.com"]
[Source "ChessBase"]
[SourceQuality "1"]

{[%evp 12,92,13,7,14,6,17,24,23,12,9,0,33,24,37,32,46,30,44,34,33,41,40,19,19,
25,27,14,27,-8,52,57,54,11,14,14,12,4,2,0,0,6,8,15,11,0,66,59,105,78,86,91,89,
37,94,93,100,81,77,88,112,29,29,0,0,0,0,-503,-483,-634,-604,-1027,-952,-2181,
-1437,-2069,-1536,-29970,-29969,-29974,-29975,-29986,-29987]} 1. e4 e5 2. Nf3
Nc6 3. Bc4 Bc5 4. c3 Nf6 5. d3 h6 6. O-O d6 7. Nbd2 O-O {C54: Giuoco Piano: 4
c3 Nf6, main lines with 5 d4 and 5 d3.} 8. Re1 Ne7 9. Nf1 Ng6 {White has an
edge.} 10. Ng3 c6 11. h3 Re8 12. d4 Bb6 13. Bd3 Be6 {[#]} 14. a4 $146 ({
Predecessor:} 14. Be3 Qc7 15. Qd2 Kh7 16. a4 Rad8 17. Qc2 a5 18. Rad1 Kg8 19.
b3 Kh7 20. Qb2 {1-0 (62) Karjakin,S (2750)-Mamedyarov,S (2764) Saint Louis 2019
}) 14... a5 15. Qc2 Bc7 16. Be3 Nf4 {[%cal Bg6f4,Bf4h5,Bh5f6,Bf6d5][%mdl 32]}
17. Bf1 N4h5 18. Ne2 d5 19. Nxe5 {Black must now prevent g4.} Nxe4 20. f3 {[#]}
(20. g4 $5 {[%cal Rg4h5]}) 20... Nd6 ({Black should try} 20... f6 $1 $11) 21.
g4 $1 $14 Nf6 22. Nf4 (22. b3 $14 {was preferrable.}) 22... Nc4 $11 23. Nxc4
dxc4 24. Nxe6 Rxe6 25. Bxc4 Nd5 26. Qf2 b5 $132 {[%mdl 2048] Black puts up
resistance} 27. axb5 cxb5 28. Bd3 (28. Bxb5 Qb8 29. Bc4 Bg3 30. Bxd5 Bxf2+ 31.
Bxf2 Rxe1+ 32. Rxe1 Ra7 $15) 28... Qd6 (28... Qb8 $11 29. Kg2 Bf4) 29. Bd2 $14
{This bishop pair is nice.} ({Don't go for} 29. Bxb5 $2 Nxe3 30. f4 Qxf4 31.
Qxf4 Bxf4 $19) 29... Rf6 (29... Rxe1+ $14 30. Rxe1 Rb8) 30. Re5 {Be4 is the
strong threat.} Qc6 31. Re4 (31. Rh5 {is more complex.} Re8 32. g5 Nf4 33. gxf6
Nxh5 34. fxg7 Kxg7 35. Qh4) 31... Bf4 32. Rae1 (32. Qe2 $16) 32... g6 {[#]} ({
Not} 32... Bxd2 33. Qxd2 Rf8 34. Bf1 $16) ({Better is} 32... Rf8 $1 $14) 33.
Bxf4 $1 $16 Nxf4 {[#]} 34. Rxf4 Rxf4 35. Be4 {[%mdl 64] Skewer} Rxe4 36. Rxe4 {
[%mdl 4096] Endgame KQR-KQR} (36. fxe4 $16 {Hoping for d5.} b4 37. d5) 36... b4
$11 37. Re3 b3 38. Kg2 a4 {[%cal Ba5a4,Ba4a3,Ba3a2][%mdl 32]} 39. Kg3 $2 {
[%mdl 8192]} (39. Qe2 $1 $11 {and White stays safe.}) 39... Rb8 $19 ({And not} 
39... a3 40. bxa3 Qd6+ 41. Kg2 $17) 40. d5 Qxd5 {[%cal Oa4a3] Threatens to win
with ...a3!} 41. Qe2 a3 42. Re8+ Kg7 {aiming for ...axb2.} 43. Rxb8 Qd6+ 44. f4
Qxb8 {Black mates.} 45. h4 a2 46. Qd1 Qa7 {Weighted Error Value: White=0.79/
Black=0.27 (precise)} 0-1

[Event "7th Gashimov Memorial-Blitz 2021"]
[Site "Baku"]
[Date "2021.12.22"]
[Round "3"]
[White "Asadli, Vugar"]
[Black "Mamedov, Rauf"]
[Result "1-0"]
[WhiteElo "2579"]
[BlackElo "2656"]
[Annotator "TA"]
[PlyCount "127"]
[EventDate "2021.12.17"]
[EventType "tourn"]
[EventCountry "AZE"]
[SourceTitle "playchess.com"]
[Source "ChessBase"]
[SourceQuality "1"]

{[%evp 22,127,33,0,0,0,0,-69,-58,-66,-61,-58,-55,-64,-49,-65,-66,-74,-73,-83,
-91,-150,-141,-145,-125,-126,-117,-128,-109,-151,-39,-42,-52,-79,-79,-79,-79,
-79,-86,-92,-85,-170,-154,-246,-245,-306,-264,-291,-190,-227,-152,-281,-297,
-375,-309,-304,-242,-242,-242,-242,-242,-412,-397,-390,-372,-533,-506,-483,
-461,-1699,-872,-1595,-1772,-2470,-2081,-1132,-829,-2965,-2357,-2784,-2301,
-2654,-2491,-1466,0,-1457,-1589,-794,0,0,0,0,0,0,0,0,12841,12842,12845,12845,
12845,12846,12847,12847,12848,12848,12849,12849]} 1. e4 c5 2. Nf3 d6 3. Nc3 Nf6
4. d4 cxd4 5. Nxd4 g6 6. g3 Bg7 7. Bg2 O-O 8. O-O Nc6 9. Nde2 Be6 10. h3 Rc8
11. Nd5 Ne5 12. Nd4 Bd7 $1 {B70: Sicilian Dragon: 6 g3 and 6 Be2 (without a
later Be3).} 13. b3 Nc6 {[#]} 14. c3 $146 (14. Nxf6+ $11 Bxf6 15. c3) ({
Predecessor:} 14. Nxc6 bxc6 15. Nxf6+ Bxf6 16. Bh6 Re8 17. Rc1 c5 18. c4 Bc6
19. Bd2 Qd7 20. h4 {1-0 (73) Gundavaa,B (2320)-Akhanov,D (2135) Novokuznetsk
2008}) 14... Nxd5 $15 {Black is slightly better.} 15. exd5 Nxd4 16. cxd4 Qa5
17. Be3 Qb4 18. a3 Qb6 19. Re1 Rc3 20. Rb1 Bf5 21. Rb2 (21. Rc1 $142 Rd3 22.
Qe2 Rxb3 23. g4) 21... Rd3 22. Qe2 Bxd4 23. Bxd4 Qxd4 24. g4 Bd7 25. Rc2 (25.
Rbb1 $142) 25... e5 ({Black should try} 25... Rxb3 $17 {Threatens to win with .
..Bb5.} 26. Rc7 Rd8) 26. Rc4 {[#]} Rd2 27. Rxd4 (27. Qf3 Qb6) 27... Rxe2 28.
Rxe2 exd4 {[%mdl 4096] Endgame KRB-KRB} 29. Rd2 Rc8 30. Rxd4 Rc3 31. b4 (31.
Rb4 $17 b5 32. Re4) 31... Bb5 (31... Rxa3 32. Rc4 $17) 32. g5 (32. Re4 $17)
32... Rxa3 $19 33. Rf4 Kf8 34. h4 Ke7 35. h5 gxh5 36. Rh4 (36. Bf3 $17) 36...
Ra4 (36... Ra1+ 37. Kh2 $17) 37. Bf3 Bd3 {Hoping for ...a5.} ({Weaker is} 37...
Ra1+ 38. Kg2 $17) 38. Bxh5 a5 39. Rh3 Bg6 40. bxa5 Rxa5 41. Bxg6 $2 (41. Kf1)
41... hxg6 {KR-KR} ({Stronger than} 41... fxg6 42. Rxh7+ Kf8 43. f4 $11) 42.
Rd3 Ra4 {Prevents Rd4.} 43. f3 (43. Re3+ $142 Kf8 44. Rb3) 43... b5 44. Kf2 Rc4
45. Re3+ (45. Ke2 $142 Rc5 46. Rd4) 45... Kd7 46. Ra3 b4 47. Ra4 Kc7 {...Kb6
is the strong threat.} 48. Ke3 Kb6 49. Kd3 Rc3+ 50. Kd4 Kb5 51. Ra7 Rxf3 {
White must now prevent ...Rf4+.} 52. Rb7+ Ka4 $2 ({Better is} 52... Ka5 $19 53.
Ra7+ Kb6) 53. Rb6 $2 {[%mdl 8192]} (53. Ra7+ $11 Kb5 54. Rb7+ Ka5 55. Ra7+ Kb6
56. Rd7 Rf4+ 57. Ke3) 53... b3 54. Kc4 Ka5 $2 (54... Rf4+ $1 $19 55. Kc3 Rf2
56. Rb4+ Ka5) 55. Rxd6 $11 b2 56. Rd8 $1 Rf4+ (56... Rf1 $5 57. Ra8+ Kb6 58.
Rb8+ Kc7 59. Rxb2 Kd6 $11) 57. Kc5 $1 {[%cal Rd8a8]} Ka4 (57... Rc4+ {is a
self mate.} 58. Kxc4 b1=Q 59. Ra8+ Kb6 60. Rb8+ Kc7 61. Rxb1 Kd6 62. Re1) 58.
Rb8 {To avoid Rb4} Ka3 $2 {[%mdl 8192]} (58... Rf2 $11 59. Kc4 Rc2+ 60. Kd3 Rh2
) 59. d6 $18 {White is clearly winning.} Rf1 {[#]} 60. d7 $1 Rc1+ 61. Kd6 b1=Q
62. Rxb1 Rxb1 {[#]} 63. d8=Q $1 Rd1+ 64. Ke7 {Weighted Error Value: White=0.95/
Black=0.30} 1-0

[Event "7th Gashimov Memorial-Blitz 2021"]
[Site "Baku"]
[Date "2021.12.22"]
[Round "4"]
[White "Mamedyarov, Shakhriyar"]
[Black "Mamedov, Rauf"]
[Result "1-0"]
[WhiteElo "2767"]
[BlackElo "2656"]
[Annotator "TA"]
[PlyCount "51"]
[EventDate "2021.12.17"]
[EventType "tourn"]
[EventCountry "AZE"]
[SourceTitle "playchess.com"]
[Source "ChessBase"]
[SourceQuality "1"]

{[%evp 18,51,45,24,29,32,27,24,135,137,139,132,153,147,146,141,184,199,148,125,
113,120,562,567,875,860,2176,1193,1646,1637,1637,1628,1511,1456,29987,634]} 1.
c4 Nf6 2. g3 e6 3. Bg2 d5 4. d4 c5 5. cxd5 exd5 6. Nf3 Nc6 7. O-O Be7 8. Nc3
O-O 9. dxc5 Bxc5 10. a3 Ne4 {D34: Tarrasch Defence: 6 g3 Nf6 7 Bg2 Be7.} 11.
Nxd5 $1 {Hoping for Bf4. 11.Nxd5 scores better than 11.Qc2.} Be6 12. Ne3 $5 {
[%mdl 4] [#] Exploring less charted territory.} Qb6 $146 {[#]} (12... Rc8 $11)
({Predecessor:} 12... f5 13. Qxd8 Raxd8 14. b4 Bb6 15. Nc2 Bb3 16. b5 Na5 17.
Nb4 Bc4 18. Be3 Bxe3 19. fxe3 {0-1 (37) Akhvlediani,I (2358)-Kacharava,N (2437)
Tbilisi 2020}) 13. b4 $1 $16 Be7 14. Nd5 Bxd5 15. Qxd5 Nc3 16. Qd3 {Strongly
threatening Be3.} Rfd8 (16... Rad8 $16 {might work better.} 17. Qc2 (17. Qxc3
Bf6 $16) 17... Bf6) 17. Qxc3 $18 Bf6 {[#]} 18. Qc2 {[%mdl 512]} Bxa1 {[#]} 19.
Ng5 $1 $40 {[%mdl 128] White attacks with force.} g6 $2 {[%mdl 8192] Black
cannot hold the game after this.} (19... h6 $16 {is tougher.}) 20. Qa2 $1 {
[%csl LRa1,LRf7]} Bg7 21. Nxf7 {Threatening mate with Nh6+.} Kf8 22. Be3 Nd4
23. Ng5 {[%csl Gg5][%cal Ra2f7]} Rd7 {To avoid Qf7+} 24. Nxh7+ Ke7 25. Bg5+ Kd6
26. Qd5+ {Weighted Error Value: White=0.07 (flawless) /Black=1.59} 1-0

[Event "7th Gashimov Memorial-Blitz 2021"]
[Site "Baku"]
[Date "2021.12.22"]
[Round "4"]
[White "Rapport, Richard"]
[Black "Asadli, Vugar"]
[Result "1-0"]
[WhiteElo "2763"]
[BlackElo "2579"]
[Annotator "TA"]
[PlyCount "209"]
[EventDate "2021.12.17"]
[EventType "tourn"]
[EventCountry "AZE"]
[SourceTitle "playchess.com"]
[Source "ChessBase"]
[SourceQuality "1"]

{[%evp 9,209,16,16,18,20,21,29,14,29,13,28,17,16,25,21,24,26,31,33,13,15,11,36,
35,41,41,41,34,42,16,40,18,18,18,18,18,25,0,0,0,34,30,39,30,49,49,50,50,50,46,
50,50,50,53,53,50,76,50,50,50,50,43,79,83,86,80,64,54,85,106,427,377,396,377,
661,732,690,685,632,620,814,791,965,783,980,776,823,754,743,742,720,556,407,
288,289,272,253,228,141,257,417,408,1879,822,3519,3519,3193,3193,3193,30,30,30,
30,0,30,30,30,30,30,30,30,30,30,30,30,30,266,403,261,407,456,371,406,410,1327,
434,2285,2718,8872,830,1069,1096,1103,12823,12820,12791,12789,10263,12799,5397,
8699,8058,7528,1422,2689,631,70,70,6502,2415,1324,1854,2293,1661,1375,1291,
12820,12818,6498,2182,12832,12833,12831,12831,12828,2148,12834,12835,12835,
12835,12839,12839,12840,12840,12841,12841,12841,12842,12843,12843,12844,12844,
12845,12845,12845,12846,12846,12847,12847,12847,12848,12848]} 1. e4 c6 2. d4 d5
3. Nc3 dxe4 4. Nxe4 Nf6 5. Qd3 Nxe4 6. Qxe4 {B15: Caro-Kann: 3 Nc3: 3...g6 and
3...dxe4 4 Nxe4 Nf6 5 Nxf6+ exf6.} Nd7 7. Nf3 Nf6 8. Qd3 {White has an edge.}
g6 9. Be2 Bg7 10. O-O Bf5 11. Qb3 Qb6 12. c3 O-O 13. Re1 Rfe8 14. Bc4 {[#]}
Qxb3 $146 ({Predecessor:} 14... e6 15. Bg5 Nd5 16. h3 h6 17. Bd2 g5 18. a4 Qc7
19. Bf1 Rad8 20. Rad1 Qb6 {1-0 (57) Erdos,V (2614)-Ohler,J (2014) Biel 2021})
15. axb3 a6 16. b4 h5 17. h3 Nd5 18. Bb3 Rad8 19. Bg5 Bf6 20. Bxd5 (20. h4 {
feels hotter.} Kg7 21. g3 Be6 22. Bd2 Nc7 23. Bc2) 20... cxd5 21. Bxf6 exf6 22.
Nd2 Kf8 23. Nb3 Rxe1+ 24. Rxe1 Re8 25. Rxe8+ Kxe8 $14 {[%mdl 4096] Endgame
KB-KN} 26. Nc5 Bc8 27. h4 Ke7 28. Kf1 Kd6 29. Ke2 b6 30. Nd3 Bf5 31. Ke3 Kc6
32. Nf4 Bc2 33. g3 Kd6 34. f3 Bd1 35. Ng2 a5 36. bxa5 bxa5 37. Nf4 Kc6 38. Kf2
a4 39. Ng2 Bc2 $2 {[%mdl 8192]} (39... f5 $16 {is more resistant.}) 40. Ne3 Bd3
41. g4 Kd6 $2 (41... hxg4 42. fxg4 Kd6) 42. gxh5 $18 gxh5 43. Ng2 Kc6 44. Nf4 {
[%csl LRd3,LRh5]} Bg6 45. Ke3 Kd6 46. Kd2 Kc6 47. Ke2 Kd6 48. Ke3 Kc6 49. Kd2
Kd6 50. Nd3 Kc6 51. Nb4+ Kd6 52. Na6 Kc6 53. Nc5 Kb5 54. Nd7 f5 (54... Kc4 {
was worth a try.} 55. f4 (55. Nxf6 Kb3 $16) 55... Be4) 55. f4 Kc4 (55... f6
$142 56. Kc1 (56. Nxf6 Kc6 $14) 56... Kc4) 56. Kc2 Kb5 57. b3 axb3+ 58. Kxb3 {
And now Nf8 would win.} f6 59. Nc5 $2 ({White should play} 59. Nxf6 $18 Bf7 60.
Nd7) 59... Be8 $1 $11 60. Ne6 {Intending Nc7+ and mate.} Bf7 $1 61. Nc5 {
Threatens to win with Nd7.} Be8 {Inhibits Nd7.} 62. Nd3 Bd7 63. Nb4 Be6 64. Nc2
Bf7 65. Ne3 Be6 66. Ka3 {Hoping for Kb3.} Ka5 $1 67. Kb2 {Ka3 is the strong
threat.} Kb5 $2 (67... Kb6 $11) 68. Kb3 $18 Ka5 69. Nf1 $1 {aiming for Ng3.}
Bf7 70. Ng3 $1 Bg6 71. c4 Bf7 (71... Kb6 $142 72. cxd5 Kb5) 72. c5 (72. Nxf5
$142 {Strongly threatening c5.} dxc4+ 73. Kc3) 72... Bg6 73. Kc3 Kb5 74. Nf1 (
74. Kc2 $142 Ka6 75. Kc3) 74... Bf7 75. Ne3 Be6 76. Kb3 (76. Kc2 $142 Kc6 77.
Kd2) 76... Ka5 77. Nc2 Kb5 78. Nb4 Bf7 79. Kc3 (79. Na2 $142 Be6 80. Nc3+ Ka5
81. Kc2) 79... Be6 80. Nd3 Bf7 81. Nf2 (81. Nb2 $142 Be8 82. Nd1) 81... Be8 82.
Kb3 (82. Nd1 $142 Bf7 83. Ne3) 82... Bf7 83. Nd1 Be6 $2 {[%mdl 8192]} (83...
Ka5 $14) 84. Nc3+ $1 {White is clearly winning.} Ka5 85. Ka3 Bf7 86. Na4 Kb5
87. Kb3 Be6 88. Nb6 $1 Ka5 89. Na8 $1 Bd7 90. Nc7 Ba4+ 91. Kc3 Bc6 92. Ne6 (92.
Kd2 $142 Bb7 93. Ne8) 92... Be8 93. c6 {[%cal Bc5c6,Bc6c7][%mdl 32]} Kb6 {[#]}
94. c7 $1 Kb7 95. Kb4 Bd7 96. Nc5+ Kxc7 97. Nxd7 Kxd7 {KP-KP} 98. Kc5 Ke6 99.
Kc6 Ke7 100. Kc7 Ke6 {[#]} 101. Kd8 $1 Kd6 102. Ke8 Kc6 103. Kf7 Kb5 104. Kxf6
Kc4 105. Ke5 {Weighted Error Value: White=0.29 (precise) /Black=0.33} 1-0

[Event "7th Gashimov Memorial-Blitz 2021"]
[Site "Baku"]
[Date "2021.12.22"]
[Round "4"]
[White "Karjakin, Sergey"]
[Black "Anand, Viswanathan"]
[Result "1/2-1/2"]
[WhiteElo "2743"]
[BlackElo "2751"]
[Annotator "TA"]
[PlyCount "133"]
[EventDate "2021.12.17"]
[EventType "tourn"]
[EventCountry "AZE"]
[SourceTitle "playchess.com"]
[Source "ChessBase"]
[SourceQuality "1"]

{[%evp 13,133,4,14,13,22,0,19,0,12,7,0,0,7,-14,6,0,18,10,22,14,14,14,11,15,16,
13,13,13,41,6,38,44,45,38,51,51,51,51,51,51,51,45,51,0,136,133,143,144,161,161,
161,151,151,160,163,151,183,150,160,120,123,120,129,129,129,124,149,149,170,
170,188,86,193,106,106,106,106,106,106,97,98,97,100,97,97,96,96,96,89,82,82,82,
82,82,82,74,74,74,104,74,97,74,74,64,64,64,57,57,57,0,56,0,57,57,57,57,57,50,
71,50,50,10]} 1. e4 e5 2. Nf3 Nc6 3. Bb5 Nf6 4. d3 Bc5 5. Nbd2 O-O 6. O-O d6 7.
c3 (7. Bxc6 bxc6 8. h3 Bb6 9. Re1 Nd7 10. a4 a5 11. Nc4 Ba6 12. Nxb6 cxb6 13.
d4 c5 14. dxe5 dxe5 15. Nh2 Bb7 16. Ng4 h5 17. Ne3 Bxe4 18. Qxh5 f5 {1-0 (35)
Karjakin,S (2782)-Anand,V (2759) Paris 2018}) 7... Bb6 8. Nc4 {8.Bxc6 is a
critical line. C65: Ruy Lopez: Berlin Defence (3...Nf6), unusual lines and 4
0-0 Bc5.} Ne7 9. Ba4 Ng6 10. h3 {The position is equal.} Be6 11. Bc2 Bxc4 12.
dxc4 {[#]} Qe7 $146 ({Predecessor:} 12... Qd7 13. a4 a5 14. Rb1 h6 15. Nh2 Rfe8
16. Qf3 Nh4 17. Qe2 Ng6 18. Kh1 Rad8 {½-½ (41) Ilyasov,A (2385)-Simal
Moreira,L (2384) GER email 2018}) 13. Re1 c6 14. Nh2 Rfd8 15. Qf3 h6 16. Ng4
Nxg4 17. hxg4 Nf8 18. a4 a5 19. g3 Nh7 20. Kg2 Qe6 21. Qe2 g5 22. Rh1 Kg7 23.
f3 Qf6 24. Rh5 Nf8 25. Bd2 Ne6 26. Rah1 Rh8 27. Qd1 Qe7 28. Qe2 (28. Kf1 $14)
28... c5 (28... Qf6 $11 {remains equal.}) 29. Kf2 f6 30. Ke1 Bc7 31. Qh2 {
[%cal Rh5h6]} Rag8 32. Rxh6 Rxh6 33. Qxh6+ Kf7 34. Qh7+ Kf8 35. Qf5 Qf7 36. Rh7
Rg7 37. Rh8+ Rg8 38. Rh1 {White is more active.} Ke7 39. Bd3 b6 40. f4 Ng7 41.
Qh7 Ne6 42. Qh2 (42. Qxf7+ $18 {and White stays clearly on top.} Kxf7 43. f5)
42... Qg7 (42... gxf4 $16 {was called for.} 43. gxf4 Rxg4) 43. fxe5 (43. f5 $18
Nd8 44. Be3) 43... dxe5 $16 44. Kd1 Bd6 45. Kc2 Kd7 46. Qf2 Rh8 47. Rh5 Rg8 48.
Qh2 {[#] aiming for Rh7.} Qf7 49. Rh6 Bf8 50. Rh7 Rg7 51. Rh3 Kc7 52. Kb1 Be7
53. Be3 Bf8 54. Ka2 {[%cal Bb1a2,Ba2b3,Bb3c2][%mdl 32]} Qd7 {[%csl LRa4,LRd3]}
55. Bc2 Be7 56. Rh8 Nf8 57. Qh6 Rf7 58. Qh5 Bd6 59. Kb3 Rh7 60. Rxh7 Qxh7 61.
Qe8 (61. Bc1 $14) 61... Qd7 (61... Qh3 $11) 62. Qh5 ({Of course not} 62. Qa8
Qxg4 63. Bf2 (63. Qa7+ Kc6 $11) 63... Qf3 $11) 62... Qh7 $1 63. Bd3 Kd7 64. Kc2
Ke7 65. b4 Kd8 66. bxa5 bxa5 67. Kb3 {Black escapes into a draw.  Weighted
Error Value: White=0.12 (very precise) /Black=0.13 (very precise)} 1/2-1/2